000 00421nam a2200169Ia 4500
008 230711s9999||||xx |||||||||||||| ||und||
020 _a81-239-0517-3
041 _aENG
082 _a615.6
_bJA-C
100 _aJain,N.K
245 0 _aControlled and Novel Drug Delivery
250 _a1st Ed.
260 _c1997
_aNew Delhi
_bCBS Publishers & Distributors Pvt.Ltd
300 _a406p.
650 _aPharmacy
942 _cBK
999 _c7117
_d7117